Welcome to CU Library Online Public Access Catalogue (OPAC)

Philosophy and feminist criticism : (Record no. 3087)

MARC details
000 -LEADER
fixed length control field 00782pam a2200241 a 4500
001 - CONTROL NUMBER
control field 3922222
005 - DATE AND TIME OF LATEST TRANSACTION
control field 20250127100230.0
008 - FIXED-LENGTH DATA ELEMENTS--GENERAL INFORMATION
fixed length control field 920324s1993 nyu b 001 0 eng
020 ## - INTERNATIONAL STANDARD BOOK NUMBER
International Standard Book Number 1557784574 :
Terms of availability $15.95
050 00 - LIBRARY OF CONGRESS CALL NUMBER
Classification number HQ1190
Item number .C65 1993
082 00 - DEWEY DECIMAL CLASSIFICATION NUMBER
Classification number 305.42/01
Edition information 20
100 1# - MAIN ENTRY--PERSONAL NAME
Personal name Browning, Eve,
Dates associated with a name 1952-
245 10 - TITLE STATEMENT
Title Philosophy and feminist criticism :
Remainder of title an introduction /
Statement of responsibility, etc. Eve Browning Cole.
250 ## - EDITION STATEMENT
Edition statement 1st ed.
260 ## - PUBLICATION, DISTRIBUTION, ETC.
Place of publication, distribution, etc. New York :
Name of publisher, distributor, etc. Paragon House,
Date of publication, distribution, etc. 1993.
300 ## - PHYSICAL DESCRIPTION
Extent xiv, 144 p. ;
Dimensions 23 cm.
440 #0 - SERIES STATEMENT/ADDED ENTRY--TITLE
Title Paragon issues in philosophy
650 #0 - SUBJECT ADDED ENTRY--TOPICAL TERM
Topical term or geographic name entry element Feminist theory.
650 #0 - SUBJECT ADDED ENTRY--TOPICAL TERM
Topical term or geographic name entry element Feminist criticism.
650 #0 - SUBJECT ADDED ENTRY--TOPICAL TERM
Topical term or geographic name entry element Philosophy.
856 42 - ELECTRONIC LOCATION AND ACCESS
Materials specified Contributor biographical information
Uniform Resource Identifier <a href="http://www.loc.gov/catdir/enhancements/fy1213/92010720-b.html">http://www.loc.gov/catdir/enhancements/fy1213/92010720-b.html</a>
942 ## - ADDED ENTRY ELEMENTS (KOHA)
Source of classification or shelving scheme Library of Congress Classification
Koha item type Books
Suppress in OPAC No
999 ## -
-- 3087
-- 3087
Holdings
Withdrawn status Lost status Source of classification or shelving scheme Damaged status Not for loan Collection Home library Current library Shelving location Date acquired Total checkouts Full call number Barcode Date last seen Copy number Price effective from Koha item type
    Library of Congress Classification     Non-fiction Undergraduate Library (Christ Temple) Undergraduate Library (Christ Temple) General stacks 01/27/2025   HQ1190.C65 COL ulct00000977 01/27/2025 1 01/27/2025 Books
© 2023-2024 Copyright: Central University Libraries. All Rights Reserved | Created by: Mahone Tech Office